00454cam a22001457a 450000500170000000800410001701000100005801100100006803500100007811100740008824500780016226000340024030000090027465000250028320220329141120.0971010s1987 r 00010 d a62820 a63792 a6818200aGroupement National Interprofessionnel des Semences et Plants. Paris.13aLa graminée fourragére qui réussit partoutb: la fétuque elevée aParis :bLe Groupement,c1987 a8 p.14aFestuca arundinacea.